[Event "Oberliga Sued W 2223"]
[Site "Germany"]
[Date "2023.03.19"]
[Round "7.3"]
[White "Cicak, Slavko"]
[Black "Kraemer, Enrico"]
[Result "1-0"]
[WhiteElo "2482"]
[BlackElo "2213"]
[PlyCount "45"]
[EventDate "2022.10.23"]
[EventType "team-tourn"]
[EventRounds "9"]
[EventCountry "GER"]
[SourceTitle "EXT 2025"]
[Source "ChessBase"]
[SourceDate "2024.10.14"]
[SourceVersion "1"]
[SourceVersionDate "2024.10.14"]
[SourceQuality "1"]
[WhiteTeam "Schott Mainz"]
[BlackTeam "Speyer Schwegenheim II"]
[WhiteTeamCountry "GER"]
[BlackTeamCountry "GER"]

1. e4 c5 2. Nf3 Nc6 3. Bb5 Nf6 4. Nc3 g6 5. 0-0 Bg7 6. h3 0-0 7. e5 Ne8 8. Bxc6 dxc6 9. d3 h6 10. Be3 b6 11. Qd2 Kh7 12. Rab1 a5 13. a3 f6 14. exf6 exf6 15. Rfe1 Nd6 16. Bf4 g5 17. Bh2 Ra7 18. d4 c4 19. d5 c5 20. Bxd6 Qxd6 21. Nb5 Qd7 22. Nxa7 Qxa7 23. d6 1-0

[Event "Oberliga Sued W 2223"]
[Site "Germany"]
[Date "2022.12.11"]
[Round "3.2"]
[White "Kraemer, Enrico"]
[Black "Warter, Siegfried"]
[Result "1-0"]
[WhiteElo "2205"]
[BlackElo "2149"]
[PlyCount "87"]
[EventDate "2022.10.23"]
[EventType "team-tourn"]
[EventRounds "9"]
[EventCountry "GER"]
[SourceTitle "EXT 2025"]
[Source "ChessBase"]
[SourceDate "2024.10.14"]
[SourceVersion "1"]
[SourceVersionDate "2024.10.14"]
[SourceQuality "1"]
[WhiteTeam "Speyer Schwegenheim II"]
[BlackTeam "Winterbach Turm"]
[WhiteTeamCountry "GER"]
[BlackTeamCountry "GER"]

1. d4 d5 2. Nf3 Nf6 3. g3 c5 4. Bg2 cxd4 5. 0-0 Nc6 6. Nxd4 h5 7. c4 h4 8. cxd5 Ne5 9. Nc3 hxg3 10. hxg3 a6 11. Nf3 Nxf3+ 12. exf3 Bh3 13. Bxh3 Rxh3 14. Kg2 Rh5 15. g4 Rh8 16. Bg5 Qd6 17. Rh1 Rxh1 18. Kxh1 0-0-0 19. Qc1 Qc5 20. Be3 Qc7 21. Bf4 Qc5 22. Na4 Qxc1+ 23. Rxc1+ Kd7 24. Nb6+ Ke8 25. Bc7 Rxd5 26. Nxd5 Nxd5 27. Be5 Kd7 28. Kg2 e6 29. Bd4 g6 30. Kf1 Bh6 31. Rd1 Bf4 32. Be3 Bd6 33. Ke2 Be7 34. f4 Bd8 35. Kf3 Bc7 36. a3 Bd6 37. Rh1 Nf6 38. Bd4 Nd5 39. Be5 Bc5 40. Rh7 Ke7 41. b4 Ba7 42. Rh8 Kd7 43. Rf8 Ke7 44. Ra8 1-0

[Event "Oberliga Sued W 2122"]
[Site "Germany"]
[Date "2022.03.13"]
[Round "7.5"]
[White "Huseynov, Ahad"]
[Black "Kraemer, Enrico"]
[Result "1-0"]
[WhiteElo "2092"]
[BlackElo "2217"]
[PlyCount "81"]
[EventDate "2021.10.24"]
[EventType "team-tourn"]
[EventRounds "9"]
[EventCountry "GER"]
[SourceTitle "EXT 2023"]
[Source "ChessBase"]
[SourceDate "2022.10.05"]
[SourceVersion "1"]
[SourceVersionDate "2022.10.05"]
[SourceQuality "1"]
[WhiteTeam "Frankenthal"]
[BlackTeam "Speyer Schwegenheim II"]
[WhiteTeamCountry "GER"]
[BlackTeamCountry "GER"]

1. e4 c5 2. Nf3 d6 3. d4 cxd4 4. Nxd4 Nf6 5. Nc3 a6 6. Be2 e5 7. Nb3 Be7 8. Be3 Be6 9. 0-0 0-0 10. f4 exf4 11. Rxf4 Nc6 12. Qe1 Nd7 13. Rf1 Rc8 14. Rd1 Nce5 15. Nd4 b5 16. Nd5 Bxd5 17. exd5 Bg5 18. Qg3 Bxe3+ 19. Qxe3 Nf6 20. Qb3 Rc5 21. Nf5 g6 22. Ng3 Qe7 23. Rxf6 Qxf6 24. Ne4 Qf4 25. Nxc5 dxc5 26. Qc3 Nd7 27. d6 b4 28. Qf3 Qxf3 29. gxf3 a5 30. Bb5 Rd8 31. Kf2 Kg7 32. Ke3 Nb6 33. d7 Kf8 34. Rd6 Na8 35. Rc6 Ke7 36. Rxc5 f6 37. Kd4 Nb6 38. Rc7 Na8 39. Ra7 h5 40. Kc5 Rb8 41. Rxa5 1-0

[Event "Oberliga Sued W 2122"]
[Site "Germany"]
[Date "2021.11.14"]
[Round "2.5"]
[White "Lang, Matthias"]
[Black "Kraemer, Enrico"]
[Result "0-1"]
[WhiteElo "2155"]
[BlackElo "2217"]
[PlyCount "88"]
[EventDate "2021.10.24"]
[EventType "team-tourn"]
[EventRounds "9"]
[EventCountry "GER"]
[SourceTitle "EXT 2023"]
[Source "ChessBase"]
[SourceDate "2022.10.05"]
[SourceVersion "1"]
[SourceVersionDate "2022.10.05"]
[SourceQuality "1"]
[WhiteTeam "Landau"]
[BlackTeam "Speyer Schwegenheim II"]
[WhiteTeamCountry "GER"]
[BlackTeamCountry "GER"]

1. d4 Nf6 2. Nf3 d5 3. Bg5 e6 4. e3 h6 5. Bh4 c5 6. c3 Nc6 7. Nbd2 Be7 8. Bd3 0-0 9. 0-0 b6 10. Ne5 Nxe5 11. dxe5 Nd7 12. Bg3 Bb7 13. Qg4 c4 14. Bc2 Nc5 15. Rad1 b5 16. h4 Kh8 17. Nf3 Qe8 18. Ng5 Rd8 19. Rd4 Bc8 20. Nh7 Rg8 21. Nf6 Bxf6 22. exf6 e5 23. fxg7+ Rxg7 24. Qh5 exd4 25. Be5 Kg8 26. exd4 f6 27. Qxe8+ Rxe8 28. Bxf6 Nd3 29. Bxg7 Kxg7 30. Bd1 Bf5 31. Bf3 Ne1 32. Bh5 Bg6 33. Bxg6 Kxg6 34. g4 Nd3 35. f4 Re4 36. f5+ Kf7 37. f6 Rxg4+ 38. Kh2 Rxh4+ 39. Kg3 Rh5 40. b3 Rg5+ 41. Kh4 Rg2 42. bxc4 Nf2 43. cxd5 Kg6 44. d6 Rg4# 0-1

[Event "Bundesliga 1920"]
[Site "Germany"]
[Date "2021.10.16"]
[Round "14.7"]
[White "Kraemer, Enrico"]
[Black "Kollars, Dmitrij"]
[Result "0-1"]
[WhiteElo "2223"]
[BlackElo "2580"]
[PlyCount "94"]
[EventDate "2019.11.23"]
[EventType "team-tourn"]
[EventRounds "15"]
[EventCountry "GER"]
[SourceTitle "EXT 2022"]
[Source "ChessBase"]
[SourceDate "2021.10.06"]
[SourceVersion "1"]
[SourceVersionDate "2021.10.06"]
[SourceQuality "1"]
[WhiteTeam "Speyer Schwegenheim"]
[BlackTeam "Deizisau"]
[WhiteTeamCountry "GER"]
[BlackTeamCountry "GER"]

1. d4 Nf6 2. Nf3 e6 3. g3 c5 4. Bg2 cxd4 5. 0-0 d5 6. Nxd4 e5 7. Nb3 Be6 8. Nc3 Be7 9. Bg5 Nbd7 10. e4 dxe4 11. Bxf6 Nxf6 12. Nxe4 Nxe4 13. Qxd8+ Kxd8 14. Bxe4 Kc7 15. c4 a5 16. Rac1 Rhd8 17. Bd5 Bxd5 18. cxd5+ Kb8 19. Rfd1 a4 20. Nc5 Ra5 21. d6 Rxd6 22. Rxd6 Bxd6 23. Ne4 Be7 24. Rd1 Kc7 25. Nc3 Kc6 26. a3 f5 27. Kf1 Ra8 28. Ke2 Bc5 29. Rc1 b6 30. f3 g6 31. Rc2 b5 32. h3 Rd8 33. Rc1 Rd4 34. Rc2 Rc4 35. Kd3 h5 36. Re2 Bd4 37. Na2 Kd6 38. Nc3 Bxc3 39. bxc3 Kd5 40. Rb2 Kc5 41. Re2 e4+ 42. fxe4 Rxe4 43. Rg2 Re1 44. g4 hxg4 45. hxg4 f4 46. g5 Re3+ 47. Kd2 Kd5 0-1

[Event "GER Cup Net Final-A U2400"]
[Site "Playchess.com INT"]
[Date "2020.06.06"]
[Round "4"]
[White "Kraemer, Enrico"]
[Black "Braun, Georg"]
[Result "1-0"]
[WhiteElo "2052"]
[BlackElo "2141"]
[PlyCount "93"]
[EventDate "2020.06.06"]
[EventType "swiss (blitz)"]
[EventRounds "13"]
[EventCountry "GER"]
[SourceTitle "CBM 197 Extra"]
[Source "ChessBase"]
[SourceDate "2020.09.30"]
[SourceVersion "1"]
[SourceVersionDate "2020.09.30"]
[SourceQuality "1"]

1. d4 Nf6 2. Nf3 g6 3. g3 Bg7 4. Bg2 c5 5. dxc5 Qa5+ 6. Nfd2 Qxc5 7. 0-0 d5 8. Nb3 Qc7 9. Nc3 0-0 10. Bg5 e6 11. e4 dxe4 12. Rb1 Nc6 13. Qe2 h6 14. Bxf6 Bxf6 15. Nxe4 Bg7 16. h4 e5 17. h5 f5 18. Qc4+ Kh8 19. Nec5 g5 20. Rbd1 e4 21. Ne6 Bxe6 22. Qxe6 Rae8 23. Qd7 Re7 24. Qxc7 Rxc7 25. c3 Ne5 26. Nd4 Nc4 27. Ne6 Rff7 28. Rd8+ Kh7 29. Nxc7 Rxc7 30. Rfd1 Ne5 31. R1d5 Bf6 32. Re8 Nc4 33. Rxf5 Nd6 34. Rxf6 Nxe8 35. Bxe4+ Kg7 36. Rg6+ Kf7 37. Rxh6 Nf6 38. Bf5 Re7 39. Rg6 Re1+ 40. Kg2 Re2 41. h6 Rxb2 42. Rg7+ Kf8 43. Rc7 Kg8 44. Bg6 Kf8 45. Rf7+ Kg8 46. Rxf6 Rxa2 47. Re6 1-0

[Event "GER Cup Net V2 U2400"]
[Site "Playchess.com INT"]
[Date "2020.05.22"]
[Round "4"]
[White "Arnold, Max"]
[Black "Kraemer, Enrico"]
[Result "1-0"]
[WhiteElo "2198"]
[BlackElo "2018"]
[PlyCount "71"]
[EventDate "2020.05.22"]
[EventType "swiss (blitz)"]
[EventRounds "9"]
[EventCountry "GER"]
[SourceTitle "EXT 2021"]
[Source "ChessBase"]
[SourceDate "2020.10.23"]
[SourceVersion "1"]
[SourceVersionDate "2020.10.23"]
[SourceQuality "1"]

1. e4 c5 2. c3 Nf6 3. e5 Nd5 4. Nf3 Nc6 5. Bc4 Nb6 6. Bb3 c4 7. Bc2 d5 8. exd6 Qxd6 9. 0-0 Bg4 10. b3 e6 11. Re1 Rd8 12. Na3 cxb3 13. axb3 a6 14. d4 Be7 15. h3 Bh5 16. Nc4 Nxc4 17. bxc4 Qd7 18. Bf4 0-0 19. Qe2 Rc8 20. Qe3 Bg6 21. Ba4 Qd8 22. d5 Na5 23. dxe6 f6 24. Bd7 Rxc4 25. Nd4 b5 26. Bg3 Qb6 27. Nf5 Bc5 28. Qd3 Bxf5 29. Qxf5 Be7 30. Rad1 Nb7 31. Qd5 Rc5 32. Qd3 Nd6 33. Bxd6 Bxd6 34. Qxd6 Qc7 35. Qxc7 Rxc7 36. e7 1-0

[Event "GER Cup Net V2 U2400"]
[Site "Playchess.com INT"]
[Date "2020.05.22"]
[Round "9"]
[White "Vatter, Hans Joachim"]
[Black "Kraemer, Enrico"]
[Result "0-1"]
[WhiteElo "1989"]
[BlackElo "2018"]
[PlyCount "64"]
[EventDate "2020.05.22"]
[EventType "swiss (blitz)"]
[EventRounds "9"]
[EventCountry "GER"]
[SourceTitle "EXT 2021"]
[Source "ChessBase"]
[SourceDate "2020.10.23"]
[SourceVersion "1"]
[SourceVersionDate "2020.10.23"]
[SourceQuality "1"]

1. d4 Nf6 2. Bg5 d5 3. Bxf6 gxf6 4. g3 c5 5. c3 Nc6 6. e3 e5 7. Bg2 Be6 8. Ne2 h5 9. h4 Qd7 10. Nd2 b6 11. a3 Bh6 12. dxc5 bxc5 13. b4 c4 14. Qa4 Rc8 15. 0-0 Rg8 16. Rfd1 Bh3 17. Bh1 Qg4 18. Bxd5 Qxe2 19. Bxc6+ Kf8 20. Bf3 Rxg3+ 21. fxg3 Bxe3+ 22. Kh1 Qf2 23. Qa6 Bxd2 24. Qxf6 Bg2+ 25. Bxg2 Qxf6 26. Rxd2 Rd8 27. Re2 Rd3 28. Rf1 Qg7 29. Ref2 Ke7 30. Rf3 e4 31. Rf5 Rxg3 32. Rc5 Rxg2 0-1

[Event "GER-ch Net blitz qual2"]
[Site "Playchess.com INT"]
[Date "2020.03.16"]
[Round "4"]
[White "Helmer, Jan"]
[Black "Kraemer, Enrico"]
[Result "0-1"]
[WhiteElo "2010"]
[BlackElo "2218"]
[PlyCount "34"]
[EventDate "2020.03.16"]
[EventType "swiss (blitz)"]
[EventRounds "9"]
[EventCountry "GER"]
[SourceTitle "CBM 195 Extra"]
[Source "ChessBase"]
[SourceDate "2020.05.31"]
[SourceVersion "1"]
[SourceVersionDate "2020.05.31"]
[SourceQuality "1"]

1. Nf3 Nc6 2. g3 e5 3. Bg2 d5 4. 0-0 Nf6 5. b3 e4 6. Ne1 Bg4 7. d3 Bc5 8. Bb2 Qe7 9. Nc3 0-0-0 10. Qc1 d4 11. Nxe4 Bxe2 12. Nf3 Bxf1 13. Qxf1 Nxe4 14. Re1 f5 15. Bh3 Kb8 16. Bxf5 Bb4 17. Re2 Nxg3 0-1

[Event "Pfalz op-A 11th"]
[Site "Neustadt an der Weinstrasse"]
[Date "2020.02.24"]
[Round "6"]
[White "Kraemer, Enrico"]
[Black "Huseynov, Ahad"]
[Result "1-0"]
[WhiteElo "2228"]
[BlackElo "2073"]
[PlyCount "114"]
[EventDate "2020.02.21"]
[EventType "swiss"]
[EventRounds "9"]
[EventCountry "GER"]
[SourceTitle "CBM 195 Extra"]
[Source "ChessBase"]
[SourceDate "2020.05.31"]
[SourceVersion "1"]
[SourceVersionDate "2020.05.31"]
[SourceQuality "1"]

1. d4 Nf6 2. Nf3 g6 3. g3 Bg7 4. Bg2 d6 5. 0-0 0-0 6. b3 c5 7. Bb2 Ne4 8. c4 Nc6 9. Nbd2 Nxd2 10. Qxd2 cxd4 11. Nxd4 Nxd4 12. Bxd4 Bxd4 13. Qxd4 Qb6 14. Qe4 Qc7 15. h4 Re8 16. Rad1 Rb8 17. h5 Be6 18. Bf3 Qc5 19. Kg2 Qf5 20. Qxf5 Bxf5 21. Rd4 b6 22. g4 Be6 23. Rfd1 Rec8 24. hxg6 hxg6 25. Bd5 Bxd5+ 26. Rxd5 Rc5 27. e4 Rbc8 28. Kf3 Kf8 29. Ke3 Rxd5 30. Rxd5 Ke8 31. Rd1 Kd7 32. Rh1 e6 33. f4 a6 34. Kd3 Rb8 35. a4 Ke7 36. Kc3 a5 37. Rh7 Rc8 38. Kd3 Rd8 39. Kd4 Rc8 40. g5 Rf8 41. Ke3 Rc8 42. f5 exf5 43. exf5 gxf5 44. Kf4 Ke6 45. Rh6+ Ke7 46. Kxf5 Rc5+ 47. Kf4 Kd7 48. Rh7 Ke6 49. Rh8 Rf5+ 50. Kg4 Rc5 51. Rb8 Rc6 52. Rb7 f6 53. gxf6 Kxf6 54. Kf4 d5 55. cxd5 Rc3 56. Rxb6+ Ke7 57. Ke5 Rh3 1-0

[Event "Pfalz op-A 11th"]
[Site "Neustadt an der Weinstrasse"]
[Date "2020.02.23"]
[Round "5"]
[White "Laux, Dominik"]
[Black "Kraemer, Enrico"]
[Result "1/2-1/2"]
[WhiteElo "2067"]
[BlackElo "2228"]
[PlyCount "31"]
[EventDate "2020.02.21"]
[EventType "swiss"]
[EventRounds "9"]
[EventCountry "GER"]
[SourceTitle "CBM 195 Extra"]
[Source "ChessBase"]
[SourceDate "2020.05.31"]
[SourceVersion "1"]
[SourceVersionDate "2020.05.31"]
[SourceQuality "1"]

1. d4 d5 2. Bf4 Nf6 3. e3 c5 4. c3 Nc6 5. Nd2 e6 6. Ngf3 Bd6 7. dxc5 Bxc5 8. Bd3 Bd6 9. Bxd6 Qxd6 10. e4 e5 11. 0-0 Bg4 12. Qa4 Bxf3 13. Nxf3 dxe4 14. Bxe4 Nxe4 15. Qxe4 0-0 16. Ng5 1/2-1/2

[Event "Heusenstamm Sparkassen op-A 6th"]
[Site "Heusenstamm"]
[Date "2019.11.21"]
[Round "1"]
[White "Kraemer, Enrico"]
[Black "Eurich, Jannik"]
[Result "1-0"]
[WhiteElo "2223"]
[BlackElo "1859"]
[PlyCount "87"]
[EventDate "2019.11.21"]
[EventType "swiss"]
[EventRounds "7"]
[EventCountry "GER"]
[SourceTitle "CBM 194 Extra"]
[Source "ChessBase"]
[SourceDate "2020.03.31"]
[SourceVersion "1"]
[SourceVersionDate "2020.03.31"]
[SourceQuality "1"]

1. d4 d5 2. Nf3 Nf6 3. g3 e6 4. Bg2 Be7 5. 0-0 0-0 6. c4 dxc4 7. Qc2 c6 8. Qxc4 b5 9. Qc2 Bb7 10. Nc3 Nbd7 11. e4 b4 12. Na4 c5 13. e5 Nd5 14. dxc5 Rc8 15. h4 Nxc5 16. Nxc5 Rxc5 17. Qe4 Qc7 18. Qg4 Rc4 19. Qh5 Rc8 20. Nd2 Rc5 21. Qe2 Nb6 22. Bxb7 Qxb7 23. Re1 Rc2 24. Qd3 a5 25. Nb3 a4 26. Nd4 R2c4 27. Nf3 Rd8 28. Qe2 b3 29. axb3 axb3 30. Be3 Rc2 31. Qb5 Qxf3 32. Qxb6 Rxb2 33. Ra7 Rd1 34. Rxd1 Qxd1+ 35. Kh2 Ra2 36. Rxe7 h6 37. Qd4 Qb1 38. Qf4 Qg6 39. Re8+ Kh7 40. Rb8 b2 41. Qb4 Qb1 42. Bxh6 Qf5 43. Be3 g6 44. Qf8 1-0

[Event "Karlsruhe Grenke op"]
[Site "Karlsruhe"]
[Date "2019.04.22"]
[Round "8"]
[White "De Boer, Eelke"]
[Black "Kraemer, Enrico"]
[Result "1-0"]
[WhiteElo "2338"]
[BlackElo "2200"]
[PlyCount "85"]
[EventDate "2019.04.18"]
[EventType "swiss"]
[EventRounds "9"]
[EventCountry "GER"]
[SourceTitle "CBM 189 Extra"]
[Source "ChessBase"]
[SourceDate "2019.05.31"]
[SourceVersion "1"]
[SourceVersionDate "2019.05.31"]
[SourceQuality "1"]

1. e4 e5 2. Nf3 Nc6 3. Bb5 a6 4. Ba4 Nf6 5. 0-0 Be7 6. d3 b5 7. Bb3 d6 8. a3 Na5 9. Ba2 c5 10. Nc3 Be6 11. Bg5 0-0 12. Bxf6 Bxf6 13. Nd5 Nc6 14. c3 g6 15. Qd2 Bg7 16. Ng5 h6 17. Nxe6 fxe6 18. a4 Kh7 19. Ne3 Qd7 20. axb5 axb5 21. Qe2 h5 22. g3 Bh6 23. Bb3 Na5 24. Bc2 Nc6 25. Kh1 Kg7 26. Rxa8 Rxa8 27. f4 Rf8 28. Ng2 d5 29. d4 cxd4 30. Qxb5 dxc3 31. bxc3 exf4 32. gxf4 Ne5 33. Qe2 Nc4 34. exd5 exd5 35. f5 gxf5 36. Nh4 Ne3 37. Rg1+ Ng4 38. h3 Re8 39. Qf3 Be3 40. Nxf5+ Kh8 41. Nxe3 Nf2+ 42. Kg2 Qxh3+ 43. Kxf2 1-0

[Event "Karlsruhe Grenke op"]
[Site "Karlsruhe"]
[Date "2019.04.19"]
[Round "2"]
[White "Rosner, Jonas"]
[Black "Kraemer, Enrico"]
[Result "1/2-1/2"]
[WhiteElo "2416"]
[BlackElo "2200"]
[PlyCount "201"]
[EventDate "2019.04.18"]
[EventType "swiss"]
[EventRounds "9"]
[EventCountry "GER"]
[SourceTitle "CBM 189 Extra"]
[Source "ChessBase"]
[SourceDate "2019.05.31"]
[SourceVersion "1"]
[SourceVersionDate "2019.05.31"]
[SourceQuality "1"]

1. e4 e5 2. Nf3 Nc6 3. Bb5 a6 4. Bxc6 dxc6 5. 0-0 Bg4 6. h3 h5 7. d3 Qf6 8. Be3 Bxf3 9. Qxf3 Qxf3 10. gxf3 Bd6 11. Nd2 Ne7 12. Rfd1 Ng6 13. Kf1 f6 14. Nc4 Nh4 15. Ke2 g5 16. c3 0-0-0 17. b4 Ng6 18. a4 b6 19. Rdb1 Kb7 20. Ra2 Rhe8 21. Nd2 Be7 22. c4 Rg8 23. c5 Nf4+ 24. Bxf4 gxf4 25. Rc2 Rd4 26. Rc4 Rxc4 27. Nxc4 Ka7 28. Rc1 Rg2 29. Kf1 Rg8 30. Nd2 Kb7 31. Nb3 bxc5 32. bxc5 Kc8 33. Rc4 Kd7 34. Rb4 Ra8 35. Ke2 Rg8 36. Kf1 Ra8 37. d4 exd4 38. Rxd4+ Ke6 39. Rc4 Rb8 40. Nd4+ Kd7 41. Ne2 Rb1+ 42. Nc1 a5 43. Ke2 Rb2+ 44. Ke1 Rb1 45. Kd1 Rb2 46. Nd3 Ra2 47. Ke1 Ra1+ 48. Kd2 Ra2+ 49. Kd1 Ra1+ 50. Nc1 Ra3 51. Ke2 Bf8 52. Nd3 Ra2+ 53. Kf1 Ra1+ 54. Kg2 Bh6 55. e5 f5 56. Rd4+ Ke7 57. Nxf4 Bxf4 58. Rxf4 Ke6 59. Rh4 Kxe5 60. Rxh5 Rxa4 61. Rh7 Rc4 62. Rxc7 Rxc5 63. h4 Kf6 64. Ra7 Rc4 65. Rxa5 Rxh4 66. Rc5 Ra4 67. Rxc6+ Kg5 68. Kg3 Rb4 69. Rc8 Ra4 70. f4+ Kf6 71. Rc6+ Kf7 72. Rd6 Rb4 73. Kf3 Ra4 74. Ke3 Ra2 75. Rd2 Ra4 76. Rd4 Ra2 77. Rc4 Rb2 78. Kd4 Rxf2 79. Ke5 Ra2 80. Rc7+ Kf8 81. Rc6 Kf7 82. Rf6+ Kg7 83. Rd6 Kf7 84. Rd7+ Kf8 85. Kxf5 Ra6 86. Kg5 Rb6 87. f5 Ra6 88. Rb7 Rc6 89. Kf4 Ra6 90. Rd7 Rb6 91. Ke5 Ra6 92. Rd6 Rxd6 93. Kxd6 Kf7 94. Ke5 Ke7 95. f6+ Kf7 96. Kf5 Kf8 97. Kg5 Kf7 98. Kf5 Kf8 99. Ke6 Ke8 100. f7+ Kf8 101. Kf6 1/2-1/2

[Event "Bundesliga 1718"]
[Site "Germany"]
[Date "2018.04.30"]
[Round "14.8"]
[White "Movsesian, Sergei"]
[Black "Kraemer, Enrico"]
[Result "1-0"]
[WhiteElo "2671"]
[BlackElo "2149"]
[PlyCount "43"]
[EventDate "2017.10.21"]
[EventType "team-tourn"]
[EventRounds "15"]
[EventCountry "GER"]
[SourceTitle "CBM 184"]
[Source "ChessBase"]
[SourceDate "2018.05.16"]
[SourceVersion "1"]
[SourceVersionDate "2018.05.16"]
[SourceQuality "1"]
[WhiteTeam "Baden-Baden"]
[BlackTeam "Speyer Schwegenheim"]
[WhiteTeamCountry "GER"]
[BlackTeamCountry "GER"]

1. e4 c5 2. Nc3 Nc6 3. Bb5 Nd4 4. Bc4 e6 5. Nge2 g6 6. Nxd4 cxd4 7. Nb5 e5 8. Qf3 f6 9. Qb3 Nh6 10. c3 a6 11. Na3 Bxa3 12. bxa3 Qe7 13. cxd4 Nf7 14. dxe5 fxe5 15. 0-0 d6 16. Bd5 g5 17. d4 0-0 18. dxe5 dxe5 19. Bb2 Re8 20. f4 gxf4 21. Bxe5 Be6 22. Bxf4 1-0

[Event "Untergrombach-ch 35th"]
[Site "Untergrombach"]
[Date "2018.01.06"]
[Round "7"]
[White "Feil, Stephan"]
[Black "Kraemer, Enrico"]
[Result "1-0"]
[WhiteElo "2074"]
[BlackElo "2173"]
[PlyCount "107"]
[EventDate "2018.01.02"]
[EventType "swiss"]
[EventRounds "7"]
[EventCountry "GER"]
[SourceTitle "CBM 182 Extra"]
[Source "ChessBase"]
[SourceDate "2018.02.23"]
[SourceVersion "1"]
[SourceVersionDate "2018.02.23"]
[SourceQuality "1"]

1. e4 c5 2. Nf3 Nc6 3. Bb5 Nf6 4. Bxc6 dxc6 5. d3 Bg4 6. h3 Bh5 7. Nc3 Qc7 8. g4 Bg6 9. Nh4 Nd7 10. f4 f6 11. Nxg6 hxg6 12. Qf3 e5 13. f5 gxf5 14. Qxf5 0-0-0 15. Be3 Kb8 16. 0-0-0 g5 17. Ne2 Be7 18. Ng3 Rdg8 19. Nh5 b5 20. Kb1 a5 21. a4 Qd6 22. Bf2 Ka8 23. Be1 Rb8 24. h4 bxa4 25. Kc1 Rb7 26. Bc3 a3 27. b3 a4 28. Kd2 axb3 29. Ra1 c4 30. Rxa3+ Qxa3 31. Ra1 Qxa1 32. Bxa1 gxh4 33. cxb3 cxb3 34. Bb2 Rd8 35. d4 Nc5 36. Ke3 exd4+ 37. Kd2 h3 38. Ng3 Kb8 39. Qf4+ Bd6 40. Qxf6 Re7 41. e5 Red7 42. exd6 Rxd6 43. Qe5 Na4 44. Ba3 c5 45. Ne4 b2 46. Bxb2 Kc7 47. Nxd6 Rxd6 48. Ba3 Kd7 49. g5 h2 50. Qxh2 Rd5 51. g6 c4 52. g7 d3 53. g8Q c3+ 54. Ke3 1-0

[Event "Untergrombach-ch 35th"]
[Site "Untergrombach"]
[Date "2018.01.05"]
[Round "6"]
[White "Kraemer, Enrico"]
[Black "Faulhaber, Rolf"]
[Result "1-0"]
[WhiteElo "2173"]
[BlackElo "2459"]
[PlyCount "77"]
[EventDate "2018.01.02"]
[EventType "swiss"]
[EventRounds "7"]
[EventCountry "GER"]
[SourceTitle "CBM 182 Extra"]
[Source "ChessBase"]
[SourceDate "2018.02.23"]
[SourceVersion "1"]
[SourceVersionDate "2018.02.23"]
[SourceQuality "1"]

1. d4 e6 2. c4 Nf6 3. g3 d5 4. Nf3 Bb4+ 5. Bd2 Bd6 6. Bg2 c6 7. Qc2 Nbd7 8. 0-0 Ne4 9. Nc3 f5 10. Bf4 Bxf4 11. gxf4 0-0 12. b4 Rf6 13. e3 Rh6 14. Ne2 Ndf6 15. b5 cxb5 16. cxb5 Bd7 17. a4 Rc8 18. Qd3 Ng4 19. h3 Ngxf2 20. Rxf2 Nxf2 21. Kxf2 Be8 22. Rc1 Rxc1 23. Nxc1 Bh5 24. Qd1 Bxf3 25. Qxf3 Rg6 26. Qd1 a6 27. bxa6 bxa6 28. Nd3 h6 29. Ne5 Rf6 30. Bf1 Qa5 31. Qc2 Kh7 32. Be2 Rf8 33. Qc6 Rb8 34. Qxe6 Qxa4 35. Qxf5+ Kh8 36. Bd3 Qa2+ 37. Kg3 g6 38. Qf6+ Kg8 39. Qf7+ 1-0

[Event "Untergrombach-ch 35th"]
[Site "Untergrombach"]
[Date "2018.01.03"]
[Round "3"]
[White "Lehmann, Sven"]
[Black "Kraemer, Enrico"]
[Result "1-0"]
[WhiteElo "2016"]
[BlackElo "2173"]
[PlyCount "145"]
[EventDate "2018.01.02"]
[EventType "swiss"]
[EventRounds "7"]
[EventCountry "GER"]
[SourceTitle "CBM 182 Extra"]
[Source "ChessBase"]
[SourceDate "2018.02.23"]
[SourceVersion "1"]
[SourceVersionDate "2018.02.23"]
[SourceQuality "1"]

1. e4 c5 2. Be2 Nc6 3. f4 g6 4. Nf3 Bg7 5. d3 e6 6. 0-0 Nge7 7. Nbd2 d5 8. Qe1 0-0 9. Qh4 dxe4 10. dxe4 Nd4 11. Bd1 Nec6 12. Qg3 Qe7 13. c3 Nxf3+ 14. Nxf3 b5 15. a3 a5 16. Nh4 Bf6 17. Nf3 b4 18. Ne5 Bb7 19. Ng4 Bh4 20. Qh3 f5 21. exf5 exf5 22. Bb3+ Kg7 23. Ne3 a4 24. Bd5 Bf6 25. Bd2 Rfd8 26. Rfe1 Qc7 27. Rad1 bxa3 28. bxa3 Ne7 29. c4 Nxd5 30. Nxd5 Bxd5 31. cxd5 Rxd5 32. Bc3 Bd4+ 33. Kh1 Rad8 34. Ba5 Qf7 35. Bxd8 Rxd8 36. Qh4 Rd7 37. Re2 Rc7 38. Qd8 Bf6 39. Qb8 Rb7 40. Qd6 Bd4 41. Rde1 Rd7 42. Qxd7 Qxd7 43. Re7+ Qxe7 44. Rxe7+ Kf6 45. Re2 c4 46. g3 c3 47. Kg2 Bc5 48. Rc2 Bxa3 49. Rxc3 Bd6 50. Rc6 Ke6 51. Ra6 a3 52. Kf3 Kd5 53. Ke3 Bc5+ 54. Kd3 Be7 55. Ra5+ Ke6 56. Kc2 h5 57. Kb3 Bd6 58. Kc4 h4 59. Ra6 hxg3 60. hxg3 Kd7 61. Kd5 Bb4 62. Rxg6 Be1 63. Rg7+ Kc8 64. Ra7 Bxg3 65. Ke5 Kd8 66. Rxa3 Bf2 67. Kxf5 Ke7 68. Ra6 Kf7 69. Rc6 Bh4 70. Rh6 Be1 71. Rh7+ Kf8 72. Kg6 Bc3 73. f5 1-0

[Event "Bundesliga 1718"]
[Site "Germany"]
[Date "2017.12.09"]
[Round "5.7"]
[White "Baldauf, Marco"]
[Black "Kraemer, Enrico"]
[Result "1/2-1/2"]
[WhiteElo "2483"]
[BlackElo "2149"]
[PlyCount "59"]
[EventDate "2017.10.21"]
[EventType "team-tourn"]
[EventRounds "15"]
[EventCountry "GER"]
[SourceTitle "CBM 182"]
[Source "ChessBase"]
[SourceDate "2018.01.17"]
[SourceVersion "1"]
[SourceVersionDate "2018.01.17"]
[SourceQuality "1"]
[WhiteTeam "Berlin SF"]
[BlackTeam "Speyer Schwegenheim"]
[WhiteTeamCountry "GER"]
[BlackTeamCountry "GER"]

1. c4 e6 2. Nc3 d5 3. d4 Bb4 4. a3 Bxc3+ 5. bxc3 Nf6 6. cxd5 exd5 7. e3 Bf5 8. f3 0-0 9. Ne2 Re8 10. g4 Bxg4 11. fxg4 Nxg4 12. Ng3 Nxe3 13. Bxe3 Qg5 14. Be2 Rxe3 15. Rf1 g6 16. Rf3 Rxf3 17. Bxf3 Nd7 18. Qc1 Qh4 19. Qd2 Re8+ 20. Kf1 Nb6 21. Re1 Rxe1+ 22. Kxe1 Nc4 23. Qe2 c6 24. a4 Qf4 25. Kf2 Kf8 26. Nf1 h5 27. h3 Qc1 28. Qe1 Qf4 29. Kg2 h4 30. Kf2 1/2-1/2